[Event "RUS-CHN Match w Rapid"]
[Site "Sochi RUS"]
[Date "2009.08.21"]
[Round "5"]
[White "Kosintseva,T"]
[Black "Huang Qian"]
[Result "1-0"]
[WhiteElo "2539"]
[BlackElo "2424"]

1.e4 d5 2.exd5 Qxd5 3.Nc3 Qd6 4.d4 c6 5.Nf3 Nf6 6.Ne5 Nbd7 7.Bf4 Nd5 8.Nxd5 Qxd5
9.Be2 Nxe5 10.Bxe5 Qxg2 11.Bf3 Qh3 12.Qe2 f6 13.Bf4 Qe6 14.Be3 Kf7 15.d5 Qe5
16.O-O-O Bf5 17.dxc6 bxc6 18.Qc4+ Qe6 19.Qxe6+ Bxe6 20.Bxc6 Rc8 21.Bd7 Bxd7
22.Rxd7 a6 23.Ra7 Rc6 24.Rd1 g5 25.Rdd7 h5 26.a4 g4 27.b4 Rc4 28.b5 Rxa4
29.b6 Rb4 30.b7 Kg6 31.Ra8 Bg7 32.Rxh8 Bxh8 33.Ba7  1-0

[Event "BDO Challenger"]
[Site "Haarlem NED"]
[Date "2009.08.22"]
[Round "8"]
[White "Stets,D"]
[Black "Ten Hagen,Y"]
[Result "1-0"]
[WhiteElo "2427"]
[BlackElo "2150"]

1.e4 d5 2.exd5 Qxd5 3.Nc3 Qd6 4.d4 Nf6 5.Nge2 a6 6.Bf4 Qd8 7.Qd3 g6 8.O-O-O c6
9.h4 Bf5 10.Qg3 Nh5 11.Qe3 Nxf4 12.Nxf4 Bh6 13.Bd3 Bxd3 14.Rxd3 Nd7 15.g4 Qc7
16.g5 Bg7 17.h5 O-O-O 18.h6 Bf8 19.d5 Qb6 20.Qh3 Qxf2 21.Rf1 Qc5 22.Rfd1 Qd6
23.Ne6 fxe6 24.dxe6 Qf4+ 25.Kb1 Qxg5 26.Rxd7 Bxh6 27.Qd3 Qa5 28.Qd4 Rde8
29.Qa7  1-0

[Event "Open A"]
[Site "Panevezys LTU"]
[Date "2009.08.22"]
[Round "8"]
[White "Jakovlev,J"]
[Black "Rogule,L"]
[Result "0-1"]
[WhiteElo "2113"]
[BlackElo "2255"]

1.e4 d5 2.exd5 Qxd5 3.Nc3 Qd6 4.d4 Nf6 5.Nf3 a6 6.g3 Bg4 7.Bg2 Nc6 8.Be3 O-O-O
9.h3 Bh5 10.a3 e5 11.dxe5 Nxe5 12.Qxd6 Bxd6 13.Nd2 Rhe8 14.g4 Bg6 15.O-O-O Ned7
16.Nc4 Bc5 17.Rhe1 Bxe3+ 18.Rxe3 Rxe3 19.Nxe3 Re8 20.Ned5 Nxd5 21.Nxd5 c6
22.Nf4 f6 23.Nxg6 hxg6 24.Kd2 g5 25.Re1 Ne5 26.b3 Kc7 27.Be4 Kd6 28.c4 Kc5
29.Kc3 Ng6 30.f3 Nf4 31.Rd1 Re7 32.Rh1 Ng2 33.Rg1 Nh4 34.Rd1 g6 35.b4+ Kb6
36.Rd8 f5 37.Bc2 Kc7 38.Rd3 Re2 39.Rd2 Rxd2 40.Kxd2 Nxf3+ 41.Ke3 Nh4 42.c5 Kd7
43.Kd4 Ke6 44.Bb3+ Kf6 45.Bd1 Ng2 46.Be2 Nf4 47.Bf1 Ne6+ 48.Ke3 Ke5 49.Bc4 Nf4
50.Bf1 Nd5+ 51.Kd3 Kf4 52.Kc4  0-1

[Event "RUS-CHN Match w Rapid"]
[Site "Sochi RUS"]
[Date "2009.08.22"]
[Round "9"]
[White "Kosintseva,N"]
[Black "Huang Qian"]
[Result "1/2-1/2"]
[WhiteElo "2482"]
[BlackElo "2424"]

1.e4 d5 2.exd5 Qxd5 3.Nc3 Qd6 4.d4 c6 5.Nf3 Nf6 6.Ne5 Bf5 7.Bc4 e6 8.Bf4 Qb4
9.Rb1 Nbd7 10.Qe2 Nxe5 11.Bxe5 Be7 12.a3 Qa5 13.O-O O-O 14.h3 Qd8 15.Rbd1 Qd7
16.Bd3 Bg6 17.Ne4 Nxe4 18.Bxe4 Rfd8 19.Rd3 Bd6 20.Rfd1 Qe7 21.Bxg6 hxg6 22.Qg4 Rd7
23.f4 Rad8 24.h4 Bxe5 25.fxe5 c5 26.c3 cxd4 27.cxd4 Rd5 28.h5 g5 29.Re1 b5
30.Kh2 R8d7 31.Re4 Qd8 32.Qd1 Kh7 33.Qd2 a6 34.Qe3 Kh6 35.Rg4 a5 36.Qf2 f5
37.exf6 Qxf6 38.Qe3 e5 39.Qe1 Rxd4 40.Rgxd4 Rxd4 41.Rf3 Rf4 42.Re3 e4 43.Qg3 Qd4
44.Qe1 Qe5 45.Kg1 Kxh5 46.Qxa5 Qxb2 47.Qe1 Qd4 48.Kh2 Kh6 49.Qe2 Rh4+ 50.Kg1 Qa1+
51.Qe1 Qd4 52.Qe2 Qa1+ 53.Qe1 Qe5 54.Rg3 Rf4 55.Re3 Qd4 56.Kh2 Kg6 57.Qc1 Qd6
58.Kg1 Kh7 59.Qe1 Qd4 60.Kh2 Kg8 61.Qe2 Qe5 62.Kg1 Qa1+ 63.Qe1 Qxe1+ 64.Rxe1 Kf7
65.Rb1 Rf5 66.Rb4 Re5 67.Kf2 Kf6 68.g4 e3+ 69.Ke2 Ke6 70.a4 bxa4 71.Rxa4 Kd5
72.Ra5+ Ke4 73.Ra4+ Kd5 74.Ra5+ Kd4 75.Ra4+ Kd5 76.Ra5+ Ke6 77.Ra6+ Kf7 78.Ra4 Kf6
79.Ra6+ Re6 80.Ra4 Kf7 81.Ra7+ Kg6 82.Ra4 Kf6 83.Rb4 Re7 84.Ra4 Re5 85.Ra6+ Kf7
86.Ra4 Ke6 87.Ra6+ Kd5 88.Ra5+ Kd6 89.Ra6+ Kd5  1/2-1/2

[Event "16th Vienna Open"]
[Site "Vienna AUT"]
[Date "2009.08.22"]
[Round "8"]
[White "Miltner,A"]
[Black "Tiviakov,S"]
[Result "0-1"]
[WhiteElo "2355"]
[BlackElo "2674"]

1.e4 d5 2.exd5 Qxd5 3.Nc3 Qd6 4.g3 Nf6 5.Bg2 c6 6.h3 Bf5 7.Nf3 h6 8.d3 e6
9.O-O Be7 10.Re1 O-O 11.Rb1 a5 12.a3 Na6 13.Bf4 Qd8 14.Qe2 Rc8 15.Kh2 Bh7
16.Ne5 Re8 17.h4 Nc7 18.Bd2 Ncd5 19.Ne4 a4 20.Ng5 hxg5 21.hxg5 Nd7 22.Nxf7 Kxf7
23.g6+ Kg8 24.Qxe6+ Kh8 25.gxh7 Bc5 26.Qg6 Bxf2 27.Bg5 N5f6 28.Re4 Rxe4 29.Bxe4 Qe8  0-1

[Event "Open A"]
[Site "Panevezys LTU"]
[Date "2009.08.23"]
[Round "9"]
[White "Daulyte,D"]
[Black "Kantans,T"]
[Result "1-0"]
[WhiteElo "2268"]
[BlackElo "2209"]

1.e4 d5 2.exd5 Qxd5 3.Nc3 Qd6 4.d4 Nf6 5.Nf3 a6 6.g3 Bg4 7.Bg2 Nc6 8.O-O O-O-O
9.d5 Nb4 10.h3 Bh5 11.Bf4 Qc5 12.Be3 Qd6 13.Qe2 e5 14.dxe6 Qxe6 15.g4 Bg6
16.Nd4 Qe8 17.Qf3 c6 18.Rfe1 Qd7 19.Rad1 Qc7 20.Nf5 Nxc2 21.Rxd8+ Qxd8 22.Rd1 Qa5
23.Ba7 Bxf5 24.Qf4 Nd7 25.Na4 Bg6 26.Nb6+ Qxb6 27.Bxb6 Nxb6 28.Be4 Nd5 29.Bf5+ Kd8
30.Qb8+ Ke7 31.Qe5+ Kd8 32.Qb8+ Ke7 33.Qe5+ Kd8 34.Rxd5+ cxd5 35.Qb8+ Ke7
36.Qxb7+ Kd6 37.Qxa6+ Ke5 38.Qe2+ Kf6 39.Qxc2 Bd6 40.Qc3+ Ke7 41.Qe3+ Kf6
42.Qb6 Ke7 43.Qb7+ Kf6 44.Qxd5 Rd8 45.Qd4+ Ke7 46.Qxg7 Bf4 47.Bxg6 hxg6 48.Qc3 g5
49.a4  1-0

[Event "RUS-CHN Match w Blitz"]
[Site "Sochi RUS"]
[Date "2009.08.23"]
[Round "4"]
[White "Kosintseva,N"]
[Black "Huang Qian"]
[Result "1-0"]
[WhiteElo "2482"]
[BlackElo "2424"]

1.e4 d5 2.exd5 Qxd5 3.Nc3 Qd6 4.d4 c6 5.Nf3 Nf6 6.Ne5 Bf5 7.Bc4 e6 8.Bf4 Qb4
9.Bb3 Nd5 10.a3 Qa5 11.Bd2 Nxc3 12.bxc3 Qc7 13.g4 Bg6 14.h4 Nd7 15.Bf4 Nxe5
16.Bxe5 Qa5 17.Qf3 h5 18.g5 O-O-O 19.O-O Bf5 20.c4 Be7 21.d5 f6 22.Bf4 Bg4
23.Qd3 e5 24.Bd2 Qc7 25.Qg3 c5 26.f3 Bf5 27.f4 e4 28.Bc3 fxg5 29.hxg5 h4
30.Qe3 Bd6 31.Rf2 h3 32.Kh1 Rh4 33.Raf1 Rdh8 34.Be5 b6 35.c3 Rf8 36.Bd1 Bxe5
37.fxe5 Qxe5 38.g6 Kc7 39.Be2 Rhh8 40.d6+ Kxd6 41.Rd1+ Kc7 42.Rd5 Qe7 43.Qf4+ Kb7
44.Rxf5 Rxf5 45.Qxf5 Ka6 46.Qf4 Rh4 47.Qe3 Qe5 48.Bf1 h2 49.a4 Ka5 50.Rb2 Ka6
51.a5 Rf4 52.Rb1 Rf6 53.axb6 axb6 54.Bg2 Rxg6 55.Qxe4 Qxe4 56.Bxe4  1-0

[Event "Champions Rapid"]
[Site "Zuerich SUI"]
[Date "2009.08.23"]
[Round "1"]
[White "Polgar,Ju"]
[Black "Kramnik,V"]
[Result "1/2-1/2"]
[WhiteElo "2687"]
[BlackElo "2759"]

1.e4 d5 2.exd5 Qxd5 3.Nc3 Qd6 4.d4 Nf6 5.Nf3 c6 6.g3 Bg4 7.Bg2 e6 8.h3 Bh5
9.O-O Nbd7 10.Ne2 Qc7 11.Nf4 Bxf3 12.Qxf3 Bd6 13.c4 O-O 14.Be3 e5 15.dxe5 Nxe5
16.Qe2 Rfe8 17.Rad1 Ng6 18.Nxg6 hxg6 19.Rd3 Bc5 20.Rfd1 Qb6 21.Bxc5 Qxc5
22.Qc2 Re6 23.a3 Rae8 24.b4 Qf5 25.R3d2 Re1+ 26.Rxe1 Rxe1+ 27.Kh2 Qe5 28.Bf3 Ra1
29.Re2 Qf5 30.Qxf5 gxf5 31.Re3 Kf8 32.c5 a6 33.Kg2 g6 34.Rd3 Ke7 35.Re3+ Kf8  1/2-1/2

[Event "XI Sants Open"]
[Site "Barcelona ESP"]
[Date "2009.08.26"]
[Round "6"]
[White "Cuartas,Ja"]
[Black "Caspi,I"]
[Result "1/2-1/2"]
[WhiteElo "2521"]
[BlackElo "2417"]

1.e4 d5 2.exd5 Qxd5 3.Nc3 Qd6 4.Bc4 Be6 5.Bxe6 Qxe6+ 6.Nge2 Nc6 7.O-O O-O-O
8.d4 Nf6 9.Be3 Qf5 10.f4 Ng4 11.Bc1 e6  1/2-1/2

[Event "43rd Open"]
[Site "Mislata ESP"]
[Date "2009.08.26"]
[Round "3"]
[White "Adell Corts,F"]
[Black "Mellado Trivino,J"]
[Result "1/2-1/2"]
[WhiteElo "2214"]
[BlackElo "2417"]

1.e4 d5 2.exd5 Qxd5 3.Nc3 Qd6 4.d4 Nf6 5.Bd3 Nc6 6.Nge2 Bg4 7.f3 Bh5 8.Bf4 Qd7
9.g4 Bg6 10.d5 Nb4 11.Bb5 c6 12.dxc6 bxc6 13.Ba4 Qxd1+ 14.Rxd1 Bxc2 15.Rd4 e5
16.Rxb4 Bxb4 17.Bxc6+ Ke7 18.Bxa8 exf4 19.Nd4 Bxc3+ 20.bxc3 Rxa8 21.Nxc2 h5
22.g5 Nh7 23.Rg1 f6 24.g6 Ng5 25.Nd4 Kd6 26.h4 Ne6 27.Kd2 Rb8  1/2-1/2

[Event "XI Sants Open"]
[Site "Barcelona ESP"]
[Date "2009.08.27"]
[Round "7"]
[White "White,Mi"]
[Black "Grafl,F"]
[Result "1/2-1/2"]
[WhiteElo "2259"]
[BlackElo "2426"]

1.e4 d5 2.exd5 Qxd5 3.Nc3 Qd6 4.d4 Nf6 5.Nf3 a6 6.g3 Bg4 7.h3 Bh5 8.Bg2 Nc6
9.O-O O-O-O 10.Bf4 Qb4 11.g4 Bg6 12.a3 Qxb2 13.Qe1 e6 14.Rb1 Qxc2 15.Ne5 Nd5
16.Rc1 Nxf4 17.Rxc2 Nxg2 18.Kxg2 Nxe5 19.Ra2 Nc6 20.Ne2 Nxd4 21.Nxd4 Rxd4
22.Qe3 Rd3 23.Qa7 Be4+ 24.f3 Bc6 25.Rc2 Kd7 26.Rxc6 Rd2+ 27.Rf2 Rxf2+ 28.Qxf2 Kxc6
29.Qd4 b5 30.Qd8 Kb7 31.Qe8 g6 32.f4 Bg7 33.Qxf7 Bb2 34.Qxe6 Bxa3 35.Qd5+ Kb8
36.Qc6 Bd6 37.Qxa6 b4 38.f5 gxf5 39.Qb5+ Ka7 40.Qa5+ Kb7 41.Qb5+ Ka7 42.Qa5+  1/2-1/2

[Event "XXI Festival Open A"]
[Site "Porto San Giorgio ITA"]
[Date "2009.08.27"]
[Round "7"]
[White "Baklan,V"]
[Black "Epishin,V"]
[Result "1/2-1/2"]
[WhiteElo "2639"]
[BlackElo "2592"]

1.e4 d5 2.exd5 Qxd5 3.Nc3 Qd6 4.d4 Nf6 5.Nf3 c6 6.Ne5 Nbd7 7.Nc4 Qc7 8.a4 g6
9.g3 Bg7 10.a5 Nd5 11.Bg2 N7f6 12.Nxd5 Nxd5 13.O-O O-O 14.Ne5 Bf5 15.c4 Bxe5
16.cxd5 Bf6 17.Bf4 Qd7 18.dxc6 bxc6 19.Rc1 Rac8 20.Be5 Bxe5 21.dxe5 Rfd8
22.Qxd7 Rxd7 23.f4 Rb7 24.Rf2 Rb5 25.Rxc6  1/2-1/2

[Event "XI Sants Open"]
[Site "Barcelona ESP"]
[Date "2009.08.28"]
[Round "8"]
[White "Lorenzo de la Riva,L"]
[Black "Caspi,I"]
[Result "0-1"]
[WhiteElo "2331"]
[BlackElo "2417"]

1.e4 d5 2.exd5 Qxd5 3.Nc3 Qd6 4.d4 Nf6 5.Nf3 c6 6.Ne5 Nbd7 7.f4 Nb6 8.g4 Nbd5
9.g5 Nxc3 10.bxc3 Nd5 11.c4 Nc7 12.c5 Qd5 13.Rg1 f6 14.Nc4 Be6 15.Be3 O-O-O
16.Nd2 Bf5 17.c4 Qd7 18.Qa4 Na6 19.O-O-O e5 20.Nb3 exd4 21.Rxd4 Qe6 22.Rxd8+ Kxd8
23.Qa5+ Kc8 24.Qc3 Nb4 25.Kb2 Qe4 26.Nd2 Qc2+ 27.Qxc2 Nxc2 28.gxf6 gxf6 29.Bf2 Bh6
30.Bg3 Rd8 31.Nb3 Nd4 32.Rg2 Ne6 33.Rf2 Bf8 34.Bh4 Nxc5 35.Bxf6 Na4+  0-1

[Event "6th Open"]
[Site "Kalamaria GRE"]
[Date "2009.08.29"]
[Round "9"]
[White "Aroshidze,L"]
[Black "Drazic,S"]
[Result "1/2-1/2"]
[WhiteElo "2537"]
[BlackElo "2538"]

1.e4 d5 2.exd5 Qxd5 3.Nc3 Qd6 4.d4 Nf6 5.Nf3 a6 6.Bd3 g6 7.O-O Bg7 8.Ne4 Nxe4
9.Bxe4 Nd7 10.c3 O-O  1/2-1/2

[Event "XXI Festival Open A"]
[Site "Porto San Giorgio ITA"]
[Date "2009.08.29"]
[Round "9"]
[White "Trent,L"]
[Black "Epishin,V"]
[Result "1/2-1/2"]
[WhiteElo "2471"]
[BlackElo "2592"]

1.e4 d5 2.exd5 Qxd5 3.Nc3 Qd6 4.d4 Nf6 5.Nf3 c6 6.Ne5 Nbd7 7.Bf4 Nd5 8.Nxd5 Qxd5
9.Nf3 Nf6 10.Be2 Bg4 11.O-O e6 12.h3 Bxf3 13.Bxf3 Qd8 14.Re1 Bd6 15.Be5 Bxe5
16.dxe5  1/2-1/2

[Event "XIX EYCC Boys U18"]
[Site "Fermo ITA"]
[Date "2009.08.31"]
[Round "1"]
[White "Setala,T"]
[Black "Stips,F"]
[Result "1-0"]
[WhiteElo "1808"]
[BlackElo "2240"]

1.e4 d5 2.exd5 Qxd5 3.Nc3 Qd6 4.g3 Nf6 5.Bg2 c6 6.d4 Bg4 7.Nge2 e6 8.O-O Qc7
9.f3 Bf5 10.Ne4 Be7 11.c4 e5 12.dxe5 Nxe4 13.fxe4 Be6 14.b3 Qxe5 15.Rb1 Qc5+
16.Kh1 Nd7 17.Nf4 Bf6 18.Nxe6 fxe6 19.Qg4 Qe7 20.Bh3 Nf8 21.Bf4 h5 22.Qe2 Bd4
23.e5 g5 24.Bd2 g4 25.Bg2 O-O-O 26.Bf4 Ng6 27.b4 Qg7 28.Bg5 Nxe5 29.Bf6 Qc7
30.Bxd8 Qxd8 31.Rbd1 Qd7 32.Rf4 Nf3 33.Bxf3 gxf3 34.Qxf3 e5 35.Rf7 Qd6 36.Qf5+ Kb8
37.Rf1 Qxb4 38.Qd7 Ka8 39.a3  1-0

[Event "XIX EYCC Girls U16"]
[Site "Fermo ITA"]
[Date "2009.09.01"]
[Round "2"]
[White "Meireles,A"]
[Black "Narva,T"]
[Result "0-1"]
[WhiteElo "1611"]
[BlackElo "1865"]

1.e4 d5 2.exd5 Qxd5 3.Nc3 Qd6 4.d4 Nf6 5.Bd3 Nc6 6.Nge2 Bg4 7.f3 Bh5 8.Bf4 Qd7
9.Ne4 Nxe4 10.Bxe4 O-O-O 11.c3 e6 12.Qa4 a6 13.Bxc6 Qxc6 14.Qxc6 bxc6 15.Be3 f6
16.Nf4 Bf7 17.Nd3 e5 18.Nf2 exd4 19.Bxd4 Re8+ 20.Kd2 Bd6 21.Nd3 Rd8 22.Kc1 Bg6
23.Nc5 Bf4+ 24.Kd1 Be5 25.Ke2 Bxd4 26.cxd4 Rxd4 27.Rad1 Re8+ 28.Kf2 Rc4 29.Rc1 Rb4
30.b3 Rb5 31.Nxa6 Ra5 32.Nb4 c5 33.Nd5 Rxa2+ 34.Kg3 Re5 35.Rxc5 Rg5+ 36.Kh3 Raxg2
37.Ne7+ Kd7 38.Rxg5 Rxg5 39.Nxg6 Rxg6 40.Rd1+ Kc6 41.Rd8 Kc5 42.Rd7 c6 43.Rb7 Kd4
44.Rb4+ Ke3 45.f4 Kf3 46.f5 Rh6+ 47.Rh4 Rxh4+ 48.Kxh4 Kf4 49.b4 Kxf5 50.Kg3 Ke4  0-1

[Event "TCh-SRB 1st League"]
[Site "Kragujevac SRB"]
[Date "2009.09.01"]
[Round "1"]
[White "Brenjo,S"]
[Black "Milanovic,Da"]
[Result "1/2-1/2"]
[WhiteElo "2495"]
[BlackElo "2533"]

1.e4 d5 2.exd5 Qxd5 3.Nc3 Qd6 4.d4 Nf6 5.Nf3 a6 6.g3 Bg4 7.Bg2 c6 8.Qd3 Nbd7
9.Bf4 Qe6+ 10.Kd2 Qf5 11.Qxf5 Bxf5 12.Rae1 e6 13.Nh4 Bg6 14.a3 Nb6 15.Kc1 O-O-O
16.Nxg6 hxg6 17.h4 Nc4 18.Rd1 Be7 19.Rhe1 Nd5 20.Nxd5 cxd5 21.Kb1 b5 22.Bc1 Kd7
23.Ka2 Rc8 24.Re2 Rc6 25.b3 Nd6 26.Kb1 Rhc8 27.Bb2 a5 28.Rd3 f5 29.Rde3 Ne4
30.Bxe4 fxe4 31.f3 exf3 32.Rxf3 Ke8 33.Rfe3 Kd7 34.Rf3 Ke8 35.Rfe3 Kd7 36.Rf3  1/2-1/2

[Event "TCh-SRB 1st League"]
[Site "Kragujevac SRB"]
[Date "2009.09.02"]
[Round "2"]
[White "Nikcevic,B"]
[Black "Ostojic,N1"]
[Result "0-1"]
[WhiteElo "2153"]
[BlackElo "2412"]

1.e4 d5 2.exd5 Qxd5 3.Nc3 Qd6 4.d4 Nf6 5.Nf3 c6 6.h3 Bf5 7.Bd3 Bxd3 8.Qxd3 Nbd7
9.Be3 e6 10.O-O Be7 11.Ne4 Nxe4 12.Qxe4 Nf6 13.Qd3 O-O 14.c4 Rfd8 15.Rfd1 Qc7
16.Qc2 h6 17.b3 a6 18.a4 Rac8 19.Bc1 c5 20.Bb2 cxd4 21.Bxd4 Bc5 22.Bxc5 Qxc5
23.Rxd8+ Rxd8 24.Rd1 Rxd1+ 25.Qxd1 Ne4 26.Qd8+ Kh7 27.Qd4 Qxd4 28.Nxd4 a5
29.Nf3 Nc5 30.Nd2 e5 31.Kf1 f5 32.Ke2 Kg6 33.Kd1 Kf6 34.Kc2 e4 35.f4 g5 36.g3 gxf4
37.gxf4 Nd3 38.Kc3 Nxf4 39.b4 Ne2+ 40.Kb3 Nd4+ 41.Kc3 e3  0-1

[Event "XIX EYCC Girls U16"]
[Site "Fermo ITA"]
[Date "2009.09.03"]
[Round "4"]
[White "Gijsen,M"]
[Black "Narva,T"]
[Result "0-1"]
[WhiteElo "1679"]
[BlackElo "1865"]

1.e4 d5 2.exd5 Qxd5 3.Nc3 Qd6 4.d4 Nf6 5.Nf3 a6 6.g3 Nc6 7.Bg2 Bf5 8.O-O O-O-O
9.Be3 h6 10.Qe2 e6 11.Rfd1 Qb4 12.Ne5 Nxe5 13.dxe5 Rxd1+ 14.Rxd1 Ng4 15.Qd2 Bc5
16.a3 Qb6 17.Na4 Bxe3 18.Nxb6+ Bxb6 19.Qd7+ Kb8 20.Rd2 Nxe5 21.Qa4 g5 22.h3 Bxh3
23.Bxh3 Nf3+ 24.Kf1 Nxd2+ 25.Ke2 Rd8 26.Bg2 Nb1 27.Qb4 Rd2+ 28.Ke1 Rxf2 29.Qf8+ Ka7
30.Be4 f5 31.Bd3 Nd2 32.Be2 Ne4 33.Qxh6 Rg2 34.Bd3 Rg1+ 35.Ke2 Nxg3+ 36.Kd2 e5
37.Qe6 e4 38.Bc4 e3+ 39.Kc3 Ne4+ 40.Kb3 Nc5+  0-1

[Event "TCh-SRB 1st League"]
[Site "Kragujevac SRB"]
[Date "2009.09.03"]
[Round "3"]
[White "Savic,Miod1"]
[Black "Benkovic,P"]
[Result "0-1"]
[WhiteElo "2545"]
[BlackElo "2463"]

1.e4 d5 2.exd5 Qxd5 3.Nc3 Qd6 4.d4 Nf6 5.Nge2 Bf5 6.Bf4 Qb6 7.Qd2 Nc6 8.a3 O-O-O
9.Na4 Qa5 10.Qxa5 Nxa5 11.b4 Nc6 12.O-O-O e6 13.c3 Ng4 14.Bg3 Bd6 15.h3 Nf6
16.f3 Bxg3 17.Nxg3 Bg6 18.Bb5 Ne7 19.Rhe1 h5 20.h4 Ned5 21.Bf1 Ne7 22.Nc5 Nf5
23.Nxf5 Bxf5 24.Kb2 Rhg8 25.f4 Rh8 26.Nd3 Bxd3 27.Bxd3 g6 28.g3 Rd6 29.Bf1 Rhd8
30.Bg2 Ng4 31.Rd3 c6 32.Kb3 Kc7 33.Re2 Nf6 34.Red2 a5 35.c4 axb4 36.axb4 Ra8
37.Rd1 Rd7 38.Bf3 Rad8 39.R3d2 Ne8 40.Rd3 Nd6 41.Bg2 b5 42.cxb5 Nxb5 43.Kc4 Kb6
44.Bf3 Ra7 45.g4 hxg4 46.Bxg4 Rda8 47.Rb3 Rh8 48.Rh1 Ra2 49.h5 Rf2 50.Rf3 Rg2
51.Bh3 Rc2+ 52.Kd3 Rc3+ 53.Ke4 f5+  0-1

[Event "6th LGA Premium Cup"]
[Site "Nuernberg GER"]
[Date "2009.09.03"]
[Round "1"]
[White "Eichler,C"]
[Black "Ortpaul,M"]
[Result "1-0"]
[WhiteElo "2338"]
[BlackElo "1946"]

1.e4 d5 2.exd5 Qxd5 3.Nc3 Qd6 4.d4 Nf6 5.Nf3 c6 6.Ne5 Be6 7.Bf4 Qd8 8.Qd2 Nbd7
9.Nxd7 Qxd7 10.O-O-O g6 11.Kb1 Bg7 12.Bh6 O-O 13.Be2 Nd5 14.Ne4 Bf5 15.Ng3 Be6
16.h4 Qc7 17.Bxg7 Kxg7 18.h5 Qf4 19.Qe1 Qd6 20.c4 Nf4 21.Qc3 Nxe2 22.Nxe2 Bf5+
23.Ka1 Qf6 24.Qe3 Qe6 25.Qd2 Qxc4 26.hxg6 Bxg6 27.Qh6+ Kg8 28.Nf4 Qc2 29.Rc1 Qd2
30.Nxg6  1-0

[Event "ch-RUS HL"]
[Site "Ulan Ude RUS"]
[Date "2009.09.03"]
[Round "2"]
[White "Nikolenko,O"]
[Black "Yuzhakov,O"]
[Result "1-0"]
[WhiteElo "2533"]
[BlackElo "2360"]

1.e4 d5 2.exd5 Qxd5 3.Nc3 Qd6 4.d4 Nf6 5.Nf3 a6 6.g3 Bg4 7.Bg2 Nc6 8.O-O O-O-O
9.d5 Nb4 10.h3 Bxf3 11.Qxf3 Nbxd5 12.Rd1 e6 13.Nxd5 exd5 14.c4 c6 15.Bf4 Qe6
16.Re1 Qd7 17.cxd5 Qxd5 18.Qc3 Qb5 19.a4 Qb4 20.h4 Qxc3 21.Bh3+ Nd7 22.bxc3 h6
23.Rad1 Ba3 24.h5 Rhf8 25.Bf5 g6 26.hxg6 fxg6 27.Bxg6 Rf6 28.Bh5 Rg8 29.Re4 b5
30.a5 Rf5 31.Re8+ Rxe8 32.Bxe8 Ne5 33.Bxh6 Bc5 34.Bf4 Rf8 35.Bh5 Nc4 36.Bg4+ Kb7
37.Rd7+ Ka8 38.Bf3 Nxa5 39.Kg2 Rf6 40.Rd8+ Kb7 41.Rd7+ Ka8 42.Bc7 Nc4 43.g4 a5
44.g5 Rg6 45.Bf4 Re6 46.Bg4 Re8 47.Bf3 Re6 48.Rc7 Ne5 49.Bxe5 Rxe5 50.Bxc6+ Kb8
51.Rb7+ Kc8 52.f4 Re6 53.Bf3 Rb6 54.Rxb6 Bxb6 55.g6  1-0

[Event "XIX EYCC Girls U16"]
[Site "Fermo ITA"]
[Date "2009.09.04"]
[Round "5"]
[White "Bochis,J"]
[Black "Foisor,M"]
[Result "0-1"]
[WhiteElo "2053"]
[BlackElo "2123"]

1.e4 d5 2.exd5 Qxd5 3.Nc3 Qd6 4.d4 Nf6 5.Nf3 a6 6.g3 Bg4 7.h3 Bh5 8.Bg2 Nc6
9.Be3 O-O-O 10.g4 Bg6 11.O-O e6 12.a3 Nd5 13.Nxd5 exd5 14.Ne1 h5 15.g5 f6
16.Nd3 Be4 17.f3 Bf5 18.f4 Qd7 19.Nf2 Re8 20.Re1 fxg5 21.fxg5 Bd6 22.c4 dxc4
23.d5 Ne5 24.Qd4 b6 25.Bf4 Bc5 26.Qd2 Nd3 27.Rxe8+ Rxe8 28.Bg3 Bxh3 29.b4 Bd4
30.Rf1 Bxg2 31.Kxg2 Qxd5+ 32.Kh2 h4 33.Bxh4 Rh8 34.Nxd3 cxd3  0-1

[Event "XIX EYCC Boys U18"]
[Site "Fermo ITA"]
[Date "2009.09.04"]
[Round "5"]
[White "Mammadov,A"]
[Black "Stips,F"]
[Result "1-0"]
[WhiteElo "2331"]
[BlackElo "2240"]

1.e4 d5 2.exd5 Qxd5 3.Nc3 Qd6 4.d4 Nf6 5.Be3 c6 6.Qd2 Bf5 7.Nf3 Nbd7 8.Nh4 Bg6
9.Nxg6 hxg6 10.O-O-O e6 11.Kb1 Nb6 12.Bg5 Be7 13.h4 O-O-O 14.g3 Nbd5 15.Bg2 Nxc3+
16.Qxc3 Nd5 17.Qf3 Bxg5 18.hxg5 Qe7 19.Qg4 Qb4 20.a3 Qb6 21.Kc1 Rxh1 22.Bxh1 Ne7
23.Bf3 Nf5 24.c3 Nd6 25.Be2 Qa5 26.Qf4 Qf5 27.Qxf5 gxf5 28.Bf3 Ne4 29.Bxe4 fxe4
30.Rh1 Rd5 31.g6 fxg6 32.Kd2 e5 33.Ke3 exd4+ 34.cxd4 Rf5 35.Rh2 c5 36.dxc5 Rxc5
37.Rh8+ Kd7 38.Rg8 Rb5 39.Rxg7+ Ke6 40.b4 Kf6 41.Rc7 Rf5 42.a4 a5 43.Rxb7 Rf3+
44.Kxe4 Ra3 45.Rb6+ Kg7 46.b5 Rxa4+ 47.Kd5 Ra2 48.Ra6 a4 49.b6 a3 50.b7 Rb2
51.Kc6 Rc2+ 52.Kb6 Rb2+ 53.Ka7  1-0

[Event "XIX EYCC Girls U18"]
[Site "Fermo ITA"]
[Date "2009.09.04"]
[Round "5"]
[White "Babei,A"]
[Black "Iordanidou,Z"]
[Result "0-1"]
[WhiteElo "2015"]
[BlackElo "2114"]

1.e4 d5 2.exd5 Qxd5 3.Nc3 Qd6 4.d4 c6 5.h3 Nf6 6.Nf3 Nbd7 7.g3 Nb6 8.Bg2 Bf5
9.Ne5 g6 10.O-O Bg7 11.Bf4 Qd8 12.Re1 O-O 13.g4 Be6 14.Bg3 Qc8 15.Qe2 Rd8
16.Rad1 a5 17.a3 a4 18.Ne4 Nxe4 19.Bxe4 Bxe5 20.dxe5 Nc4 21.c3 Qc7 22.Bd3 b5
23.f4 Nb6 24.Qf2 Bc4 25.Bc2 Rxd1 26.Rxd1 Rd8 27.Rxd8+ Qxd8 28.f5 e6 29.f6 Bb3
30.Be4 Bd5 31.Bxd5 cxd5 32.Qc5 Nc4 33.Qe7 Qb8 34.Bf2 Nxb2 35.Bc5 Nd1 36.Bd6 Qc8
37.Qa7 Nxc3 38.Qe7 Ne4 39.Bc7 h6 40.Kf1 b4 41.axb4 a3  0-1

[Event "TCh-SRB 1st League"]
[Site "Kragujevac SRB"]
[Date "2009.09.04"]
[Round "4"]
[White "Popovic,Pe"]
[Black "Benkovic,P"]
[Result "1/2-1/2"]
[WhiteElo "2496"]
[BlackElo "2463"]

1.e4 d5 2.exd5 Qxd5 3.Nc3 Qd6 4.d4 Nf6 5.Nf3 a6 6.g3 Bg4 7.Bg2 Nc6 8.d5 Nb4
9.O-O O-O-O 10.h3 Bh5 11.Bf4 Qc5 12.Be3 Qd6 13.Bf4 Qc5 14.Be3 Qd6 15.Bf4  1/2-1/2

[Event "6th LGA Premium Cup"]
[Site "Nuernberg GER"]
[Date "2009.09.04"]
[Round "2"]
[White "Luther,T"]
[Black "Afek,Y"]
[Result "1-0"]
[WhiteElo "2552"]
[BlackElo "2314"]

1.e4 d5 2.exd5 Qxd5 3.Nc3 Qd6 4.d4 Nf6 5.Be3 Bf5 6.Qf3 Bc8 7.O-O-O c6 8.Bf4 Bg4
9.Qg3 Qd8 10.f3 Be6 11.Bc7 Qc8 12.Be5 Nbd7 13.Nge2 Bc4 14.Nf4 Bxf1 15.Rhxf1 e6
16.Rfe1 g6 17.Bxf6 Nxf6 18.d5 Bh6 19.Kb1 Qb8 20.d6 O-O 21.Ne4 Nd7 22.Nd3 Bg7
23.Ndc5 Nxc5 24.Nxc5 Qd8 25.Nd3 Qa5 26.Ne5 Rad8 27.f4 Qc5 28.Qd3 Rfe8 29.Re4 f6
30.Nf3 Bf8 31.Rd4 Rd7 32.b4 Qf5 33.Qb3 Red8 34.h3 Rxd6 35.g4 Qb5 36.Rxd6 Rxd6
37.Rxd6 Bxd6 38.Qxe6+ Kg7 39.Qd7+ Kg8 40.Qxd6 Qf1+ 41.Kb2 Qxf3 42.Qxf6 Qd5
43.a3 c5 44.Qe5 Qxe5+ 45.fxe5 Kf7 46.bxc5 Ke6 47.Kc3 Kxe5 48.Kc4 g5 49.c6 bxc6
50.Kc5  1-0

[Event "6th LGA Premium Cup"]
[Site "Nuernberg GER"]
[Date "2009.09.04"]
[Round "3"]
[White "Heimrath,R"]
[Black "Boguslavskyy,O"]
[Result "0-1"]
[WhiteElo "2256"]
[BlackElo "2442"]

1.e4 d5 2.exd5 Qxd5 3.Nc3 Qd6 4.d4 Nf6 5.Be2 c6 6.Bf3 g6 7.Nge2 Bg7 8.Bf4 Qd8
9.Qd2 Nbd7 10.Bh6 O-O 11.h4 e5 12.Bxg7 Kxg7 13.O-O-O Qe7 14.Ng3 exd4 15.Qxd4 Qc5
16.Qf4 h5 17.Rhe1 a5 18.Rd6 Re8 19.Rxe8 Nxe8 20.Nce4 Qb5 21.Rd1 Nf8 22.Ng5 Be6
23.a4 Qb4 24.Qe5+ Kg8 25.Rd4 Qe7 26.Qe3 Rd8 27.N3e4 Rxd4 28.Qxd4 Bd5 29.b3 f6
30.Nh3 Ne6 31.Qe3 N8g7 32.Nf4 Nxf4 33.Qxf4 Nf5 34.Nc3 Bxf3 35.Qxf3 Nxh4 36.Qg3 g5
37.Qb8+ Kg7 38.g3 Nf3 39.Qa7 Qa3+ 40.Kd1 Qa1+ 41.Ke2 Qxc3 42.Qxb7+ Kg6 43.Qc8 g4
44.Qe8+ Kg5 45.Qg8+ Kf5 46.Qh7+ Ke6 47.Qg8+ Ke5 48.Qe8+ Kd4 49.Qd7+ Ke4 50.Qe6+ Qe5
51.Qd7 Nd4+ 52.Kd2 Kf3 53.Kc1 Qe4  0-1

[Event "4th Xtracon Skovbo"]
[Site "Borup DEN"]
[Date "2009.09.05"]
[Round "2"]
[White "Christensen,Ca"]
[Black "Thomasson,S"]
[Result "1-0"]
[WhiteElo "1842"]
[BlackElo "2015"]

1.e4 d5 2.exd5 Qxd5 3.Nc3 Qd6 4.Bc4 a6 5.d3 Nf6 6.a4 Nc6 7.Nge2 Bg4 8.Be3 e6
9.Qd2 Be7 10.O-O O-O-O 11.f3 Bf5 12.a5 h6 13.Ng3 g5 14.Nce4 Nxe4 15.Nxe4 Bxe4
16.fxe4 Ne5 17.Ba2 f5 18.exf5 Ng4 19.Bxe6+ Kb8 20.g3 Qe5 21.f6 Bb4 22.Ba7+ Kxa7
23.Qxb4 Qe3+ 24.Kh1 Qxe6 25.Qc5+ Kb8 26.Rae1 Qd5+ 27.Qxd5 Rxd5 28.f7 Rdd8
29.h3 h5 30.hxg4 hxg4+ 31.Kg2 Rdf8 32.Re5 Kc8 33.Rxg5 Kd7 34.Rxg4 Rh7 35.Rgf4 Rh5
36.b4 c5 37.c3 cxb4 38.cxb4 Rd5 39.R1f3 Kc7 40.Rc4+ Kd7 41.g4 Rg5 42.Kg3 Rg7
43.Rcf4 Ke7 44.Rf5  1-0

[Event "TCh-SRB 1st League"]
[Site "Kragujevac SRB"]
[Date "2009.09.05"]
[Round "5"]
[White "Nadj Hedjesi,B"]
[Black "Ostojic,N1"]
[Result "1/2-1/2"]
[WhiteElo "2454"]
[BlackElo "2412"]

1.e4 d5 2.exd5 Qxd5 3.Nc3 Qd6 4.Bc4 Nf6 5.d3 a6 6.Nge2 b5 7.Bb3 Bb7 8.f3 Nbd7
9.a4 Qb6 10.a5 Qa7 11.Nf4 e5 12.Qe2 Bb4 13.Be3 Bc5 14.Bd2 O-O 15.Nfd5 Nxd5
16.Nxd5 Bd6  1/2-1/2

[Event "6th LGA Premium Cup"]
[Site "Nuernberg GER"]
[Date "2009.09.05"]
[Round "5"]
[White "Scheeff,V"]
[Black "Heinzel,O"]
[Result "1-0"]
[WhiteElo "2144"]
[BlackElo "2340"]

1.e4 d5 2.exd5 Qxd5 3.Nc3 Qd6 4.d4 Nf6 5.Nf3 c6 6.Ne5 Nbd7 7.Nc4 Qc7 8.Qf3 Nb6
9.Ne5 Be6 10.Bf4 Nbd5 11.Nxd5 Nxd5 12.Bg3 g6 13.c3 Qb6 14.Nc4 Qd8 15.Be2 Bg7
16.O-O O-O 17.Rad1 Nb6 18.Na5 Qc8 19.c4 Rd8 20.Qe3 Rd7 21.Be5 Qf8 22.g4 f6
23.Bg3 Qf7 24.b3 f5 25.a3 Rf8 26.Be5 f4 27.Qe4 f3 28.Bd3 h5 29.Bxg7 Kxg7
30.Rfe1 Rfd8 31.Qxe6 Rxd4 32.Qe5+ Kh6 33.Bc2 Rxd1 34.Rxd1 Rxd1+ 35.Bxd1 Nd7
36.Qe3+ g5 37.h4 hxg4 38.Qxg5+ Kh7 39.Bc2+ Kh8 40.Qxg4 Ne5 41.Qg5 Qe6 42.Nxb7 Ng4
43.Qh5+ Kg8 44.Qh7+  1-0